| 000 | 00862nam a2200253Ia 4500 | ||
|---|---|---|---|
| 003 | OSt | ||
| 005 | 20220926032238.0 | ||
| 006 | a|||||r|||| 00| 0 | ||
| 007 | ta | ||
| 008 | 220923b |||||||| |||| 00| 0 eng d | ||
| 020 |
_a9780754668688 _c4487.96 |
||
| 037 |
_b33565, 25/11/2011, Segment Book Distrobutors _cGeneral Book |
||
| 040 |
_aRTL _cRTL _beng |
||
| 041 |
_2eng _aeng |
||
| 082 | _aNwJ35, Q1 | ||
| 100 |
_aGillgren Peter _9337089 |
||
| 245 | 0 | _aSiting Federico Barocci and the renaissance aesthetic | |
| 260 |
_aSurrey _bAshgate _c2011 |
||
| 300 |
_axix, 298p Bibliography:P.269-88 _ccm. |
||
| 490 | _aVisual Culture in Early Modernity | ||
| 650 |
_aEuropean Studies Programme Sociology _9233384 |
||
| 942 |
_hNwJ35, Q1 _cGB _2CC |
||
| 999 |
_c654188 _d654188 |
||